Can you name all of Taylor Swift's solely written songs? - Statistics

General Stats
  • This quiz has been taken 59 times
    53 since last reset
  • The average score is 38 of 67
Answer Stats
Hint Answer % Correct
Speak Now (Taylor's Version) Ours
85%
Speak Now (Taylor's Version) Mine
83%
Red (Taylor's Version) Red
80%
Speak Now (Taylor's Version) Speak Now
80%
Speak Now (Taylor's Version) Mean
78%
Taylor Swift Our Song
78%
Speak Now (Taylor's Version) Sparks Fly
78%
Speak Now (Taylor's Version) Enchanted
76%
Speak Now (Taylor's Version) Long Live
76%
Speak Now (Taylor's Version) Haunted
73%
Speak Now (Taylor's Version) Timeless
73%
Speak Now (Taylor's Version) When Emma Falls In Love
73%
Speak Now (Taylor's Version) Back To December
71%
Speak Now (Taylor's Version) Dear John
71%
Speak Now (Taylor's Version) I Can See You
71%
Speak Now (Taylor's Version) Never Grow Up
71%
Speak Now (Taylor's Version) Superman
71%
Speak Now (Taylor's Version) Foolish One
68%
Speak Now (Taylor's Version) Innocent
68%
Speak Now (Taylor's Version) Last Kiss
68%
Speak Now (Taylor's Version) Electric Touch
66%
Fearless (Taylor's Version) Fifteen
66%
Lover Lover
66%
Fearless (Taylor's Version) Love Story
66%
Red (Taylor's Version) State Of Grace
66%
Speak Now (Taylor's Version) Better Than Revenge
63%
Speak Now (Taylor's Version) The Story Of Us
63%
Speak Now (Taylor's Version) Castles Crumbling
61%
Fearless (Taylor's Version) Mr. Perfectly Fine
59%
Red (Taylor's Version) Begin Again
56%
Lover Daylight
56%
Red (Taylor's Version) Better Man
54%
folklore my tears ricochet
54%
Red (Taylor's Version) Stay Stay Stay
54%
Fearless (Taylor's Version) Forever & Always
51%
Red (Taylor's Version) Sad Beautiful Tragic
51%
Taylor Swift Should've Said No
51%
Red (Taylor's Version) Starlight
51%
1989 (Taylor's Version) This Love
51%
The Tortured Poets Department Who's Afraid of Little Old Me?
51%
Fearless (Taylor's Version) Change
49%
Lover Cornelia Street
49%
Red (Taylor's Version) Girl At Home
49%
Red (Taylor's Version) Holy Ground
49%
Red (Taylor's Version) I Almost Do
49%
Red (Taylor's Version) Nothing New
49%
Midnights Vigilante Shit
49%
Fearless (Taylor's Version) Hey Stephen
46%
Fearless (Taylor's Version) Jump Then Fall
46%
The Tortured Poets Department Peter
46%
Fearless (Taylor's Version) The Best Day
46%
The Tortured Poets Department The Manuscript
46%
Taylor Swift The Outside
46%
Fearless (Taylor's Version) You're Not Sorry
46%
The Tortured Poets Department My Boy Only Breaks His Favorite Toys
44%
evermore no body, no crime
44%
The Tortured Poets Department The Black Dog
44%
Red (Taylor's Version) The Lucky One
44%
Fearless (Taylor's Version) The Other Side Of The Door
44%
Fearless (Taylor's Version) Today Was A Fairytale
44%
Red (Taylor's Version) The Moment I Knew
41%
Midnights Bigger Than The Whole Sky
37%
Other Christmas Tree Farm
32%
Other Beautiful Eyes
27%
Other Eyes Open
27%
Other I Heart ?
24%
Other Christmas Must Be Something More
17%
No matching quizzes found
Score Distribution
Percent of People with Each Score
Percentile by Number Answered
Your Score History
You have not taken this quiz since the last reset